书目信息 |
| 题名: |
地质地貌学
|
|
| 作者: | 左建 , 孔庆瑞 主编 | |
| 分册: | ||
| 出版信息: | 北京 中国水利水电出版社 2019.01 |
|
| 页数: | 326页 | |
| 开本: | 26cm | |
| 丛书名: | ||
| 单 册: | ||
| 中图分类: | P5 , P931 | |
| 科图分类: | ||
| 主题词: | 地质学--di zhi xue--高等学校--教材 , 地貌学--di mao xue--高等学校--教材 | |
| 电子资源: | ||
| ISBN: | 978-7-5170-7359-8 | |
| 000 | 01175nam0 2200289 450 | |
| 001 | 2033467296 | |
| 005 | 20201122095256.91 | |
| 010 | @a978-7-5170-7359-8@dCNY52.00 | |
| 100 | @a20190406e20202019em y0chiy50 ea | |
| 101 | 0 | @achi |
| 102 | @aCN@b110000 | |
| 105 | @aa z 000yy | |
| 106 | @ar | |
| 200 | 1 | @a地质地貌学@9di zhi di mao xue@f左建, 孔庆瑞主编 |
| 205 | @a4版 | |
| 210 | @a北京@c中国水利水电出版社@d2019.01@h2020.07 | |
| 215 | @a326页@c图@d26cm | |
| 300 | @a普通高等教育“十一五”国家级规划教材全国水利行业“十三五”规划教材(普通高等教育) | |
| 330 | @a本书共十六章,主要内容包括:地球的宇宙环境、地壳的组成物质、地质构造、风化作用系统、重力地貌系统、地面流水的地质作用及地貌特征、地下水的地质作用及水资源评价、风的地质作用及水土流失综合治理、冰川的地质作用及地貌特征、冻土地貌的形成及特征、研究湖沼与海洋的地质作用及地貌特征的重要意义、自然旅游地学资源的研究等。 | |
| 606 | 0 | @a地质学@9di zhi xue@x高等学校@j教材 |
| 606 | 0 | @a地貌学@9di mao xue@x高等学校@j教材 |
| 690 | @aP5@v5 | |
| 690 | @aP931@v5 | |
| 701 | 0 | @a左建@9zuo jian@4主编 |
| 701 | 0 | @a孔庆瑞@9kong qing rui@4主编 |
| 801 | 0 | @aCN@bBJSZM@c20201120 |
| 905 | @b1244056-9@dP5@e165=4@f4 | |
| 地质地貌学/左建, 孔庆瑞主编.-4版.-北京:中国水利水电出版社,2019.01(2020.07) |
| 326页:图;26cm |
| 普通高等教育“十一五”国家级规划教材全国水利行业“十三五”规划教材(普通高等教育) |
| ISBN 978-7-5170-7359-8:CNY52.00 |
| 本书共十六章,主要内容包括:地球的宇宙环境、地壳的组成物质、地质构造、风化作用系统、重力地貌系统、地面流水的地质作用及地貌特征、地下水的地质作用及水资源评价、风的地质作用及水土流失综合治理、冰川的地质作用及地貌特征、冻土地貌的形成及特征、研究湖沼与海洋的地质作用及地貌特征的重要意义、自然旅游地学资源的研究等。 |
| ● |
| 相关链接 |
|
|
|
|
正题名:地质地貌学
索取号:P5/165=4
 
预约/预借
| 序号 | 登录号 | 条形码 | 馆藏地/架位号 | 状态 | 备注 |
| 1 | 1244056 | 212440562 | 第二样本阅览室/ [索取号:P5/165=4] | 在馆 | |
| 2 | 1244057 | 212440571 | 第三借阅区/ [索取号:P5/165=4] | 在馆 | |
| 3 | 1244058 | 212440580 | 第三借阅区/ [索取号:P5/165=4] | 在馆 | |
| 4 | 1244059 | 212440599 | 第三借阅区/ [索取号:P5/165=4] | 在馆 |